<?xml version="1.0" encoding="UTF-8"?>
<marc:record xmlns:marc="http://www.loc.gov/MARC21/slim">
   <marc:leader>00000nam a2200000 a 4500</marc:leader>
   <marc:datafield ind1="1" ind2=" " tag="100">
      <marc:subfield code="a">Haider, Hans</marc:subfield>
      <marc:subfield code="4">aut</marc:subfield>
      <marc:subfield code="e">Verfasser/-in</marc:subfield>
   </marc:datafield>
   <marc:datafield ind1=" " ind2=" " tag="653">
      <marc:subfield code="a">Deutsch</marc:subfield>
   </marc:datafield>
   <marc:datafield ind1=" " ind2=" " tag="653">
      <marc:subfield code="a">Rechtschreibung</marc:subfield>
   </marc:datafield>
   <marc:datafield ind1=" " ind2=" " tag="653">
      <marc:subfield code="a">Softcover</marc:subfield>
   </marc:datafield>
   <marc:datafield ind1=" " ind2=" " tag="653">
      <marc:subfield code="a">Karte</marc:subfield>
   </marc:datafield>
   <marc:datafield ind1=" " ind2=" " tag="653">
      <marc:subfield code="a">Lexika</marc:subfield>
   </marc:datafield>
   <marc:datafield ind1=" " ind2=" " tag="653">
      <marc:subfield code="a">Ratgeber</marc:subfield>
   </marc:datafield>
   <marc:datafield ind1="0" ind2="0" tag="245">
      <marc:subfield code="a">Schreibfrieden</marc:subfield>
   </marc:datafield>
   <marc:datafield ind1="0" ind2="0" tag="245">
      <marc:subfield code="b">erste Hilfe zur neuesten Rechtschreibung</marc:subfield>
   </marc:datafield>
   <marc:datafield ind1="0" ind2="0" tag="245">
      <marc:subfield code="c">Hans Haider</marc:subfield>
   </marc:datafield>
   <marc:datafield ind1=" " ind2="1" tag="264">
      <marc:subfield code="a">Wien</marc:subfield>
      <marc:subfield code="b">Ed. Steinbauer</marc:subfield>
      <marc:subfield code="c">2006</marc:subfield>
   </marc:datafield>
   <marc:datafield ind1="1" ind2=" " tag="520">
      <marc:subfield code="a">Angaben aus der Verlagsmeldung

Schreibfrieden : Erste Hilfe zur neuesten Rechtschreibung / von Hans Haider

Was bringt die neueste Rechtschreibreform? Nach den langwierigen Diskussionen in den vergangenen Jahren ist endlich „Schreibfrieden“ angesagt, denn die Debatten über Punkt und Komma, Groß- und Kleinschreibung oder Doppel-Ess dauern schon viel zu lange. Schließlich hat man sich auf eine endgültige Version geeinigt, bei der im Interesse aller die Gestaltungsfreiheit größer und Fehlerquellen geringer geworden sind.
Hans Haider ist Mitglied im „Rat für deutsche Rechtschreibung“. Als erfahrender Kulturjournalist und Publizist ist er ein Praktiker, der auch weiß, wie man die neuen Regeln allgemein verständlich macht. Mit seinem Buch können sich Lehrer, Eltern und Schreibende aller Branchen rasch über die Grundsätze der neuen Rechtschreibung informieren. Sinnvolle Beispiele und Erklärungen zur Entstehung der neuen Richtlinien machen das Buch zu einer Lektüre, die weit über ein reines Regelwerk hinausreicht.
</marc:subfield>
   </marc:datafield>
   <marc:datafield ind1=" " ind2=" " tag="020">
      <marc:subfield code="a">9783902494160</marc:subfield>
      <marc:subfield code="9">9783902494160</marc:subfield>
   </marc:datafield>
   <marc:datafield ind1=" " ind2=" " tag="020">
      <marc:subfield code="a">3902494166</marc:subfield>
      <marc:subfield code="9">3902494166</marc:subfield>
   </marc:datafield>
   <marc:datafield ind1=" " ind2=" " tag="041">
      <marc:subfield code="a">ger</marc:subfield>
   </marc:datafield>
   <marc:datafield ind1=" " ind2=" " tag="300">
      <marc:subfield code="a">175 S.</marc:subfield>
   </marc:datafield>
</marc:record>
